Statistiques concernant Les villes françaises les plus peuplées en 1300

Cliquez ici pour prendre le quiz!

Statistiques générales

  • Ce quiz a été pris 336 fois
  • Le résultat moyen est 11 sur 19

Statistiques - réponses

Nombre d'habitantsVille% Correct
150 000Paris
100%
20 000Lyon
98%
31 000Marseille
97%
30 000Bordeaux
93%
30 000Lille
92%
30 000Toulouse
87%
35 000Rouen
71%
35 000Montpellier
68%
25 000Tours
66%
30 000Metz
60%
21 000Amiens
58%
33 000Angers
50%
18 000Nîmes
41%
25 000Troyes
31%
30 000Arras
29%
30 000Douai
27%
30 000Narbonne
22%
20 000Laon
13%
25 000Valenciennes
13%

Distribution des résultats

Percentile par nombre de réponses

% des personnes avec chaque résultat

Votre développement - résultats

Vous n’avez pas pris ce quiz